Geographic information system arccatalog tutorial arcgis 9.3 (Record no. 9235)
[ view plain ]
| 000 -LEADER | |
|---|---|
| fixed length control field | 00269nam a22001217a 4500 |
| 040 ## - CATALOGING SOURCE | |
| Transcribing agency | SK |
| 082 ## - DEWEY DECIMAL CLASSIFICATION NUMBER | |
| Classification number | 910 |
| 100 ## - MAIN ENTRY--AUTHOR NAME | |
| Personal name | HUOT KONGHEANG |
| 245 ## - TITLE STATEMENT | |
| Title | Geographic information system arccatalog tutorial arcgis 9.3 |
| 260 ## - PUBLICATION, DISTRIBUTION, ETC. (IMPRINT) | |
| Place of publication | USA |
| Name of publisher | HUO |
| Year of publication | NA |
| 300 ## - PHYSICAL DESCRIPTION | |
| Number of Pages | 29p. |
| 942 ## - ADDED ENTRY ELEMENTS (KOHA) | |
| Koha item type | សៀវភៅភាសាអង់គ្លេស |
| 952 ## - LOCATION AND ITEM INFORMATION (KOHA) | |
| Withdrawn status [LOCAL, KOHA] | 0 |
| 952 ## - LOCATION AND ITEM INFORMATION (KOHA) | |
| Withdrawn status [LOCAL, KOHA] | 0 |
| Permanent Location | Date acquired | Koha item type | Lost status | Shelving location | Barcode | Current Location | Full call number |
|---|---|---|---|---|---|---|---|
| Library Block C | 2016-08-26 | សៀវភៅភាសាអង់គ្លេស | C331 | RUA061586 | Library Block C | 910 HUO NA C331 | |
| Library Block C | 2016-08-26 | សៀវភៅភាសាអង់គ្លេស | C329 | RUA061368 | Library Block C | 910 HUO NA C329 |